Statistiques concernant Autoportraits n°2

Cliquez ici pour prendre le quiz!

Statistiques générales

  • Ce quiz a été pris 69 fois
  • Le résultat moyen est 5 sur 15

Statistiques - réponses

Réponse% Correct
Léonard de Vinci
100%
Frida Kahlo
64%
Gustave Courbet
43%
Rembrandt van Rijn
36%
Michel-Ange
34%
Paul Gauguin
33%
Amedeo Modigliani
31%
Paul Cézanne
30%
Albrecht Dürer
26%
Auguste Renoir
23%
Élisabeth Vigée Le Brun
23%
Le Caravage
20%
Camille Pissarro
18%
Edvard Munch
15%
Francisco de Goya
10%

Distribution des résultats

Percentile par nombre de réponses

% des personnes avec chaque résultat

Votre développement - résultats

Vous n’avez pas pris ce quiz